|
|
|
|
| LEADER |
02602nam a22005415i 4500 |
| 001 |
978-3-540-31913-9 |
| 003 |
DE-He213 |
| 005 |
20151204163551.0 |
| 007 |
cr nn 008mamaa |
| 008 |
100301s2006 gw | s |||| 0|eng d |
| 020 |
|
|
|a 9783540319139
|9 978-3-540-31913-9
|
| 024 |
7 |
|
|a 10.1007/978-3-540-31913-9
|2 doi
|
| 040 |
|
|
|d GrThAP
|
| 050 |
|
4 |
|a QH540-549.5
|
| 072 |
|
7 |
|a PSAF
|2 bicssc
|
| 072 |
|
7 |
|a SCI020000
|2 bisacsh
|
| 082 |
0 |
4 |
|a 577
|2 23
|
| 245 |
1 |
0 |
|a Boreal Peatland Ecosystems
|h [electronic resource] /
|c edited by R. Kelman Wieder, Dale H. Vitt.
|
| 264 |
|
1 |
|a Berlin, Heidelberg :
|b Springer Berlin Heidelberg,
|c 2006.
|
| 300 |
|
|
|a XX, 436 p. 74 illus., 6 illus. in color.
|b online resource.
|
| 336 |
|
|
|a text
|b txt
|2 rdacontent
|
| 337 |
|
|
|a computer
|b c
|2 rdamedia
|
| 338 |
|
|
|a online resource
|b cr
|2 rdacarrier
|
| 347 |
|
|
|a text file
|b PDF
|2 rda
|
| 490 |
1 |
|
|a Ecological Studies, Analysis and Synthesis,
|x 0070-8356 ;
|v 188
|
| 505 |
0 |
|
|a Peatlands and the Boreal Forest -- Functional Characteristics and Indicators of Boreal Peatlands -- The Postglacial Development of Boreal and Subarctic Peatlands -- The Role of Sphagnum in Peatland Development and Persistence -- Peatland Fauna -- The Role of Fungi in Boreal Peatlands -- Decomposition in Boreal Peatlands -- Primary Production in Boreal Peatlands -- Carbon in Boreal Peatlands -- The Nitrogen Cycle in Boreal Peatlands -- Phosphorous in Boreal Peatlands -- Sulfur Cycling in Boreal Peatlands: from Acid Rain to Global Climate Change -- The Hydrology of Peatlands -- Modeling Ecosystem Processes and Peat Accumulation in Boreal Peatlands -- Forestry and Boreal Peatlands -- Disturbance in Boreal Peatlands -- Restoration of Degraded Boreal Peatlands -- Boreal Peatland Ecosystems: Our Carbon Heritage.
|
| 650 |
|
0 |
|a Life sciences.
|
| 650 |
|
0 |
|a Geobiology.
|
| 650 |
|
0 |
|a Ecology.
|
| 650 |
|
0 |
|a Ecosystems.
|
| 650 |
|
0 |
|a Forestry.
|
| 650 |
|
0 |
|a Nature conservation.
|
| 650 |
1 |
4 |
|a Life Sciences.
|
| 650 |
2 |
4 |
|a Ecology.
|
| 650 |
2 |
4 |
|a Ecosystems.
|
| 650 |
2 |
4 |
|a Biogeosciences.
|
| 650 |
2 |
4 |
|a Terrestial Ecology.
|
| 650 |
2 |
4 |
|a Forestry.
|
| 650 |
2 |
4 |
|a Nature Conservation.
|
| 700 |
1 |
|
|a Wieder, R. Kelman.
|e editor.
|
| 700 |
1 |
|
|a Vitt, Dale H.
|e editor.
|
| 710 |
2 |
|
|a SpringerLink (Online service)
|
| 773 |
0 |
|
|t Springer eBooks
|
| 776 |
0 |
8 |
|i Printed edition:
|z 9783540319122
|
| 830 |
|
0 |
|a Ecological Studies, Analysis and Synthesis,
|x 0070-8356 ;
|v 188
|
| 856 |
4 |
0 |
|u http://dx.doi.org/10.1007/978-3-540-31913-9
|z Full Text via HEAL-Link
|
| 912 |
|
|
|a ZDB-2-SBL
|
| 950 |
|
|
|a Biomedical and Life Sciences (Springer-11642)
|